Vähiten arvatut Suomen kunnat JetPunkissa maakunnittain - Statistics

Yleistilastot
  • Tätä visaa on pelattu 70 kertaa
  • Keskiarvotulos 6 / 19
Vastaustilastot
Hint Vastaus % Oikein
Lappi Tervola
53%
Kainuu Ristijärvi
49%
Ahvenanmaa Finström
47%
Keski-Pohjanmaa Halsua
45%
Kymenlaakso Miehikkälä
43%
Etelä-Karjala Taipalsaari
39%
Päijät-Häme Kärkölä
31%
Pirkanmaa Kihniö
31%
Etelä-Pohjanmaa Karijoki
29%
Keski-Suomi Toivakka
27%
Kanta-Häme Loppi
25%
Pohjois-Karjala Heinävesi
24%
Pohjanmaa Korsnäs
24%
Uusimaa Askola
22%
Etelä-Savo Rantasalmi
22%
Satakunta Siikainen
22%
Pohjois-Savo Vesanto
20%
Pohjois-Pohjanmaa Pyhäntä
16%
Varsinais-Suomi Pyhäranta
16%
Ehtoja vastaavia visoja ei löytynyt
Tulosjakauma
Jokaisen tuloksen saaneiden osuus
Persentiili vastausten määrän mukaan
Tuloshistoriasi
Et ole pelannut tätä visaa